[Event "Calgary int."]
[Site "Calgary CAN"]
[Date "2010.05.23"]
[Round "6.7"]
[White "Neven, Knut"]
[Black "MacKinnon, Keith"]
[Result "1/2-1/2"]
[WhiteElo "2180"]
[BlackElo "2140"]
[PlyCount "56"]
[EventDate "2010.05.20"]
[EventType "swiss"]
[EventRounds "9"]
[EventCountry "CAN"]

1. e4 c5 2. Nf3 e6 3. d4 cxd4 4. Nxd4 a6 5. Bd3 Nf6 6. O-O Qc7 7. Nc3 Nc6 8.
Nxc6 dxc6 9. Qe2 e5 10. Kh1 Bd6 11. a4 O-O 12. Bg5 Nd7 13. Be3 a5 14. g3 Nf6
15. f3 Be6 16. Rad1 Qe7 17. Bc4 Rfd8 18. Bxe6 Qxe6 19. Rd3 Bb4 20. Rfd1 Rxd3
21. Rxd3 h6 22. Qd1 Qe7 23. Kg2 Kf8 24. Na2 Bc5 25. Bxc5 Qxc5 26. Nc3 Ke8 27.
Ne2 Qb6 28. b3 Rd8 1/2-1/2

[Event "Calgary int."]
[Site "Calgary CAN"]
[Date "2010.05.23"]
[Round "6.8"]
[White "Piasetski, Leon"]
[Black "Me, Kevin"]
[Result "1-0"]
[WhiteElo "2301"]
[BlackElo "2103"]
[PlyCount "87"]
[EventDate "2010.05.20"]
[EventType "swiss"]
[EventRounds "9"]
[EventCountry "CAN"]

1. c4 Nf6 2. g3 g6 3. Bg2 Bg7 4. Nc3 O-O 5. e4 d6 6. Nge2 Nc6 7. d3 e5 8. O-O
Nh5 9. Nd5 f5 10. Rb1 a5 11. a3 Nd4 12. Nxd4 exd4 13. exf5 Be5 14. f4 Bh8 15.
fxg6 hxg6 16. Re1 Bf6 17. b4 c6 18. Nxf6+ Nxf6 19. Bb2 axb4 20. axb4 c5 21.
bxc5 dxc5 22. Qb3 Qc7 23. Bc1 Bf5 24. Bd2 Rab8 25. h3 b6 26. g4 Bd7 27. Re7 Qd6
28. Rbe1 Rbe8 29. R7e5 Kh7 30. Qa2 Rc8 31. Bc1 Kh8 32. Qf2 Rf7 33. Qh4+ Nh7 34.
Qh6 Qf6 35. Be4 Rg7 36. g5 Qd6 37. Kh2 Re8 38. Rxe8+ Bxe8 39. Kg2 Bc6 40. f5
Kg8 41. f6 Ra7 42. Qxg6+ Kf8 43. Bxc6 Ra2+ 44. Kf1 1-0

[Event "Calgary int."]
[Site "Calgary CAN"]
[Date "2010.05.23"]
[Round "7.1"]
[White "Torre, Eugenio"]
[Black "Mikhalevski, Victor"]
[Result "0-1"]
[WhiteElo "2506"]
[BlackElo "2614"]
[PlyCount "88"]
[EventDate "2010.05.20"]
[EventType "swiss"]
[EventRounds "9"]
[EventCountry "CAN"]

1. e4 c5 2. Nf3 d6 3. c3 Nf6 4. Be2 g6 5. O-O Bg7 6. Bb5+ Bd7 7. Bxd7+ Qxd7 8.
Qe2 e5 9. d4 exd4 10. cxd4 O-O 11. dxc5 dxc5 12. Rd1 Qe6 13. Nc3 Nc6 14. Ng5
Qe7 15. f3 Nd4 16. Qf2 Rad8 17. Nh3 b6 18. Bg5 h6 19. Nd5 Rxd5 20. Bxf6 Nxf3+
21. Qxf3 Rxd1+ 22. Rxd1 Bxf6 23. b3 Bd4+ 24. Kh1 Re8 25. Re1 f5 26. e5 Qf7 27.
Nf4 Bxe5 28. h4 Bxf4 29. Rxe8+ Qxe8 30. Qxf4 Qf8 31. Kh2 Kg7 32. Qc7+ Qf7 33.
Qe5+ Qf6 34. Qc7+ Qf7 35. Qe5+ Kh7 36. g3 g5 37. hxg5 hxg5 38. Kg2 Kg6 39. Qd6+
Qf6 40. Qd7 Qb2+ 41. Kh1 Qa1+ 42. Kg2 Qxa2+ 43. Kh1 Qxb3 44. Qxa7 Kh5 0-1

[Event "Calgary int."]
[Site "Calgary CAN"]
[Date "2010.05.23"]
[Round "7.8"]
[White "Me, Kevin"]
[Black "Gardner, Robert"]
[Result "1/2-1/2"]
[WhiteElo "2103"]
[BlackElo "2144"]
[PlyCount "105"]
[EventDate "2010.05.20"]
[EventType "swiss"]
[EventRounds "9"]
[EventCountry "CAN"]

1. e4 d6 2. d4 Nf6 3. Nc3 g6 4. f4 Bg7 5. Nf3 c5 6. Bb5+ Bd7 7. e5 Ng4 8. e6
Bxb5 9. exf7+ Kf8 10. Nxb5 Qa5+ 11. Nc3 cxd4 12. Nxd4 Kxf7 13. Qxg4 Bxd4 14.
Bd2 Qf5 15. Qxf5+ gxf5 16. O-O-O Bxc3 17. Bxc3 Rg8 18. g3 Nd7 19. Rd5 Ke6 20.
Rb5 Nc5 21. Bd4 b6 22. Bxc5 bxc5 23. Rb7 Kf6 24. Re1 Rg7 25. Kd2 Rf7 26. Re3 h5
27. Ra3 a5 28. Rb5 a4 29. b3 e6 30. bxa4 Rfa7 31. a5 Ke7 32. Kc3 Kd7 33. Kc4
Ra6 34. Rb7+ Kc6 35. Rab3 d5+ 36. Kc3 c4 37. R3b6+ Rxb6 38. Rxb6+ Kc5 39. Rxe6
Rxa5 40. Re5 Rxa2 41. Rxf5 h4 42. gxh4 Ra3+ 43. Kb2 Rh3 44. h5 Rxh2 45. Rg5 Rf2
46. f5 d4 47. h6 d3 48. h7 Rxc2+ 49. Kb1 Rh2 50. f6+ Kb4 51. f7 Rh1+ 52. Ka2
Rh2+ 53. Kb1 1/2-1/2

[Event "Calgary int."]
[Site "Calgary CAN"]
[Date "2010.05.24"]
[Round "8"]
[White "Mikhalevski, Victor"]
[Black "Fedorowicz, John"]
[Result "1-0"]
[WhiteElo "2614"]
[BlackElo "2445"]
[PlyCount "85"]
[EventDate "2010.05.20"]
[EventType "swiss"]
[EventRounds "9"]
[EventCountry "CAN"]

1. d4 d6 2. Nf3 Bg4 3. c4 Nd7 4. g3 e5 5. Bg2 Ngf6 6. Nc3 c6 7. O-O Be7 8. h3
Bxf3 9. exf3 exd4 10. Qxd4 O-O 11. f4 a5 12. b3 Re8 13. Rd1 Nc5 14. Rb1 Nfd7
15. Bb2 Bf8 16. h4 Qb6 17. Ba1 Rad8 18. h5 h6 19. Bf3 Qc7 20. Qd2 Nf6 21. Qc2
Qc8 22. Kg2 Qe6 23. Rd4 Qc8 24. Rbd1 Ne6 25. R4d2 Nc5 26. Bb2 Re6 27. Qb1 Ree8
28. Ba3 Qc7 29. Rd4 Ne6 30. R4d3 Nc5 31. R3d2 Rd7 32. Qf5 b6 33. Bxc5 bxc5 34.
Ne4 Re6 35. Nxf6+ Rxf6 36. Qe4 d5 37. cxd5 Rfd6 38. Qf5 cxd5 39. Rxd5 Rxd5 40.
Bxd5 Rd6 41. Be4 g6 42. hxg6 Rxd1 43. gxf7+ 1-0

[Event "Calgary int."]
[Site "Calgary CAN"]
[Date "2010.05.24"]
[Round "8.6"]
[White "Piasetski, Leon"]
[Black "Day, Lawrence"]
[Result "1-0"]
[WhiteElo "2301"]
[BlackElo "2288"]
[PlyCount "83"]
[EventDate "2010.05.20"]
[EventType "swiss"]
[EventRounds "9"]
[EventCountry "CAN"]

1. Nf3 Nf6 2. c4 e6 3. g3 d5 4. Bg2 Be7 5. O-O O-O 6. d4 dxc4 7. Qc2 a6 8. a4
Bd7 9. Nbd2 Bc6 10. a5 Qd5 11. Re1 Bb4 12. e4 Qb5 13. Bf1 Qh5 14. h3 Bxd2 15.
Nxd2 Rd8 16. Qxc4 Bb5 17. Qxc7 Nc6 18. g4 Qg6 19. Bxb5 axb5 20. Nf3 Ne8 21. Qb6
e5 22. Be3 h5 23. d5 hxg4 24. Ng5 Ra6 25. Qxb7 Nb4 26. Qxb5 Nc2 27. h4 Rda8 28.
b4 Qh5 29. Rac1 Nxe3 30. Rxe3 Qxh4 31. Rc6 R6a7 32. Rec3 Qxg5 33. Rc8 Rxc8 34.
Rxc8 g3 35. Qxe8+ Kh7 36. Qh8+ Kg6 37. Qh3 gxf2+ 38. Kxf2 Qd2+ 39. Kg1 Qd4+ 40.
Kh2 f6 41. Qf5+ Kf7 42. Qh5+ 1-0

[Event "Calgary int."]
[Site "Calgary CAN"]
[Date "2010.05.24"]
[Round "8.7"]
[White "Haessel, Dale"]
[Black "Me, Kevin"]
[Result "1/2-1/2"]
[WhiteElo "2207"]
[BlackElo "2103"]
[PlyCount "123"]
[EventDate "2010.05.20"]
[EventType "swiss"]
[EventRounds "9"]
[EventCountry "CAN"]

1. d4 f5 2. Nf3 Nf6 3. c4 g6 4. g3 d6 5. Bg2 Bg7 6. O-O O-O 7. Nc3 Na6 8. b3 c5
9. Bb2 Rb8 10. Nb5 Bd7 11. Nxa7 Qb6 12. Nb5 Bxb5 13. cxb5 Qxb5 14. Ng5 c4 15.
Qc2 Rfc8 16. Rfc1 Nb4 17. Qd2 cxb3 18. axb3 Nbd5 19. Rxc8+ Rxc8 20. Rc1 Rc6 21.
Ra1 Rc8 22. Rc1 Rc6 23. Rxc6 bxc6 24. Qc2 Nb4 25. Qc4+ Qxc4 26. bxc4 Nd7 27. e3
c5 28. Ba3 Bf6 29. dxc5 Bxg5 30. Bxb4 Nxc5 31. Kf1 Kf7 32. Ke2 e6 33. Bc6 Ke7
34. f3 Bf6 35. g4 fxg4 36. fxg4 Be5 37. h3 Kf6 38. Ba5 Ke7 39. Bb6 Nd7 40. Bd4
Bxd4 41. exd4 Nb8 42. Bb5 Nd7 43. g5 Nb6 44. Kd3 e5 45. dxe5 dxe5 46. Ke4 Kd6
47. h4 Nc8 48. Be8 Ke6 49. Bb5 Nd6+ 50. Kf3 Nf5 51. Kg4 e4 52. Kf4 e3 53. c5
Kd5 54. c6 Kd6 55. Bd3 Kxc6 56. h5 Kd5 57. hxg6 hxg6 58. Kf3 Ke5 59. Bb1 e2 60.
Kxe2 Kf4 61. Ba2 Kxg5 62. Bf7 1/2-1/2

[Event "Calgary int."]
[Site "Calgary CAN"]
[Date "2010.05.24"]
[Round "8.8"]
[White "Gardner, Robert"]
[Black "MacKinnon, Keith"]
[Result "0-1"]
[WhiteElo "2144"]
[BlackElo "2140"]
[PlyCount "78"]
[EventDate "2010.05.20"]
[EventType "swiss"]
[EventRounds "9"]
[EventCountry "CAN"]

1. f4 c5 2. Nf3 Nc6 3. e3 g6 4. d4 cxd4 5. exd4 Bg7 6. d5 Nb8 7. c4 d6 8. Bd3
Na6 9. Nbd2 Nh6 10. Ne4 O-O 11. O-O Bd7 12. Qe2 Rc8 13. Kh1 Nb4 14. Bb1 b5 15.
a3 Na6 16. cxb5 Nc7 17. a4 Nxd5 18. Ba2 Nb6 19. a5 Qe8 20. Re1 Bxb5 21. Qd2 Nc4
22. Bxc4 Bxc4 23. Nxd6 exd6 24. Rxe8 Rfxe8 25. h3 Nf5 26. Qd1 Be2 27. Qb3 Bxf3
28. Qxf3 Re1+ 29. Kh2 Bd4 30. h4 Bg1+ 31. Kh3 Be3 32. g4 Bxc1 33. Rxc1 Rcxc1
34. Qa8+ Kg7 35. gxf5 Re3+ 36. Kg2 Rc2+ 37. Kf1 Rd3 38. Ke1 Rh3 39. Qe4 Rh1+
0-1

[Event "Calgary int."]
[Site "Calgary CAN"]
[Date "2010.05.24"]
[Round "9.3"]
[White "Haessel, Dale"]
[Black "Castellanos, Renier"]
[Result "0-1"]
[WhiteElo "2207"]
[BlackElo "2465"]
[PlyCount "50"]
[EventDate "2010.05.20"]
[EventType "swiss"]
[EventRounds "9"]
[EventCountry "CAN"]

1. d4 Nf6 2. c4 c5 3. d5 e6 4. Nc3 exd5 5. cxd5 d6 6. Nf3 g6 7. g3 Bg7 8. Bg2
O-O 9. O-O Nbd7 10. h3 a6 11. a4 Rb8 12. a5 b5 13. axb6 Nxb6 14. e4 Nfd7 15.
Re1 Re8 16. Bf1 Ne5 17. Nxe5 Bxe5 18. Bd2 Nd7 19. Qc2 Bd4 20. Bxa6 Bxa6 21.
Rxa6 Ne5 22. Kg2 Bxf2 23. Kxf2 Rxb2 24. Qd1 Qf6+ 25. Kg2 Nc4 0-1

[Event "Calgary int."]
[Site "Calgary CAN"]
[Date "2010.05.24"]
[Round "9.8"]
[White "Day, Lawrence"]
[Black "Neven, Knut"]
[Result "1-0"]
[WhiteElo "2288"]
[BlackElo "2180"]
[PlyCount "71"]
[EventDate "2010.05.20"]
[EventType "swiss"]
[EventRounds "9"]
[EventCountry "CAN"]

1. e4 e6 2. Qe2 c5 3. f4 Nc6 4. Nf3 Be7 5. g3 d5 6. e5 Nh6 7. c3 Nf5 8. Bh3 Qc7
9. Na3 a6 10. Nc2 Bd7 11. d3 O-O 12. Qf2 h5 13. g4 hxg4 14. Bxg4 Nh6 15. Bh3 d4
16. Rg1 g6 17. Bd2 dxc3 18. bxc3 b5 19. a3 Rab8 20. Rc1 a5 21. Ke2 Qd8 22. Ne3
b4 23. Nc4 Nf5 24. Bxf5 exf5 25. h4 Kg7 26. h5 Rh8 27. hxg6 fxg6 28. Qg2 Rh6
29. Rh1 Rxh1 30. Rxh1 bxc3 31. Bxc3 Be6 32. Rg1 Qe8 33. Nd6 Bxd6 34. exd6+ Nd4+
35. Nxd4 Bd5+ 36. Ne6+ 1-0

[Event "Capablanca"]
[Site "Charlesbourg CAN"]
[Date "2010.01.04"]
[Round "1"]
[White "Dube, Daniel"]
[Black "Beaudoin, Stephane"]
[Result "0-1"]
[WhiteElo "1835"]
[BlackElo "2092"]
[PlyCount "58"]
[EventDate "2010.01.04"]
[EventType "swiss"]
[EventRounds "5"]
[EventCountry "CAN"]

1. c4 e6 2. Nc3 c5 3. g3 Nf6 4. e4 Nc6 5. Bg2 Be7 6. Nf3 d6 7. O-O O-O 8. d4
cxd4 9. Nxd4 e5 10. Nc2 Be6 11. Nd5 Nd7 12. b3 a6 13. Bb2 Bxd5 14. cxd5 Na7 15.
Ne3 Rc8 16. Nf5 g6 17. Nxe7+ Qxe7 18. Qd2 Nc5 19. Rac1 Nb5 20. Qe3 Qf6 21. f4
exf4 22. Qd2 Qe7 23. Rxf4 f6 24. Rcf1 Rce8 25. Rxf6 Rxf6 26. Bxf6 Nxe4 27. Bxe4
Qxe4 28. Qh6 Qe3+ 29. Rf2 Qxh6 0-1

[Event "Capablanca"]
[Site "Charlesbourg CAN"]
[Date "2010.01.04"]
[Round "1"]
[White "Lapointe, Daniel"]
[Black "Lessard, Claude"]
[Result "0-1"]
[WhiteElo "1695"]
[BlackElo "2045"]
[PlyCount "52"]
[EventDate "2010.01.04"]
[EventType "swiss"]
[EventRounds "5"]
[EventCountry "CAN"]

1. e4 g6 2. Nc3 Bg7 3. g3 d6 4. Bg2 Nf6 5. d3 O-O 6. Nge2 c6 7. O-O a5 8. a4
Na6 9. Kh1 Bd7 10. Bd2 Qc8 11. Qc1 Nb4 12. Na2 Nxa2 13. Rxa2 Rd8 14. Bc3 Bh3
15. Nf4 Bxg2+ 16. Nxg2 e5 17. f4 Qh3 18. Rf3 Bh6 19. Qf1 Ng4 20. Qg1 d5 21.
fxe5 dxe4 22. Nf4 Bxf4 23. Rxf4 exd3 24. cxd3 Rxd3 25. Rd4 Rf3 26. Ra1 Nf2+ 0-1

[Event "Capablanca"]
[Site "Charlesbourg CAN"]
[Date "2010.01.04"]
[Round "1"]
[White "Plante, Rejean"]
[Black "Hebert, Marc"]
[Result "1-0"]
[WhiteElo "2080"]
[BlackElo "1712"]
[PlyCount "87"]
[EventDate "2010.01.04"]
[EventType "swiss"]
[EventRounds "5"]
[EventCountry "CAN"]

1. d4 Nf6 2. Bg5 Ne4 3. Bh4 c5 4. f3 g5 5. fxe4 gxh4 6. e3 Qb6 7. b3 Bg7 8. c3
Nc6 9. Nf3 Qa5 10. Qd3 d6 11. Nbd2 Bd7 12. Be2 Bf6 13. Nc4 Qc7 14. a4 Rg8 15.
Rg1 O-O-O 16. Qc2 Bg4 17. Ncd2 h3 18. g3 h5 19. O-O-O e6 20. Rgf1 Qe7 21. Bb5
Bg5 22. Bxc6 bxc6 23. Qd3 Qb7 24. Rde1 f5 25. Qc4 fxe4 26. Nxg5 Rxg5 27. Nxe4
d5 28. Qxc5 dxe4 29. Qxg5 Qxb3 30. Qc5 Qxa4 31. Kb2 Qb5+ 32. Qxb5 cxb5 33. Rf7
Rd7 34. Rxd7 Kxd7 35. Ra1 Kc6 36. Rxa7 Kd6 37. Ka3 Be2 38. Kb4 Bc4 39. Ra6+ Kd5
40. Rb6 e5 41. Rxb5+ Bxb5 42. Kxb5 exd4 43. cxd4 Kd6 44. Kc4 1-0

[Event "Capablanca"]
[Site "Charlesbourg CAN"]
[Date "2010.01.11"]
[Round "2"]
[White "Beaudoin, Stephane"]
[Black "Laflamme, Simon"]
[Result "1-0"]
[WhiteElo "2092"]
[BlackElo "1840"]
[PlyCount "61"]
[EventDate "2010.01.04"]
[EventType "swiss"]
[EventRounds "5"]
[EventCountry "CAN"]

1. e4 c5 2. Nf3 e6 3. d4 cxd4 4. Nxd4 Nc6 5. Nxc6 bxc6 6. Bd3 Nf6 7. O-O d5 8.
Nd2 Be7 9. Qe2 O-O 10. Kh1 Qc7 11. f4 Nd7 12. Nb3 a5 13. a4 c5 14. exd5 exd5
15. Qxe7 c4 16. Bxh7+ Kxh7 17. Nd4 Qc5 18. Qh4+ Kg8 19. f5 Re8 20. c3 Nf6 21.
Bg5 Re4 22. Rf4 Rxf4 23. Qxf4 Ne4 24. f6 Nxg5 25. Qxg5 g6 26. Rf1 Rb8 27. Nc6
Rb7 28. Ne7+ Kf8 29. Nxc8 Qxc8 30. Re1 Kg8 31. Qh6 1-0

[Event "Capablanca"]
[Site "Charlesbourg CAN"]
[Date "2010.01.11"]
[Round "2"]
[White "Lapierre, Gaetan"]
[Black "Plante, Rejean"]
[Result "1-0"]
[WhiteElo "1888"]
[BlackElo "2080"]
[PlyCount "157"]
[EventDate "2010.01.04"]
[EventType "swiss"]
[EventRounds "5"]
[EventCountry "CAN"]

1. e4 c5 2. Nc3 a6 3. g3 b5 4. Bg2 Bb7 5. d3 e6 6. Nf3 Nc6 7. O-O Qc7 8. Bf4 d6
9. Ne2 h6 10. g4 g5 11. Bd2 Bg7 12. Bc3 Ne5 13. Nxe5 dxe5 14. f4 gxf4 15. Nxf4
b4 16. Nh5 Bf8 17. Bd2 Rh7 18. Qe1 Be7 19. Kh1 Qb6 20. a3 b3 21. cxb3 Qxb3 22.
Bc3 f6 23. Qf2 c4 24. dxc4 Qxc4 25. Rad1 Bc5 26. Qe1 Qb5 27. b4 Be7 28. Rf2 Rc8
29. Bb2 Rd8 30. Rfd2 Rxd2 31. Qxd2 Bc6 32. Qc2 Bf8 33. Ng3 Qb7 34. Rc1 Rc7 35.
Qc4 Qc8 36. Bf1 Bd6 37. Qxa6 Qxa6 38. Bxa6 f5 39. Rxc6 Rxc6 40. Bb5 Kd7 41.
exf5 exf5 42. Nxf5 Kc7 43. Bxc6 Kxc6 44. Kg2 Kd5 45. h4 Bf8 46. Kf3 Nf6 47.
Ne3+ Ke6 48. g5 hxg5 49. hxg5 Nd7 50. Ke4 Be7 51. Ng4 Bxg5 52. Bxe5 Nb6 53. Bd4
Na4 54. Ne3 Kd6 55. Kd3 Kc6 56. Kc4 Bh6 57. b5+ Kb7 58. Nc2 Bf8 59. Kb3 Nb6 60.
Bxb6 Kxb6 61. a4 Bc5 62. Nb4 Bg1 63. Nc6 Kc5 64. Ne5 Bh2 65. Nd3+ Kd4 66. Nb4
Bc7 67. Nc6+ Kc5 68. Kc3 Bh2 69. Kd3 Bg1 70. Ke4 Bh2 71. Kf5 Kd6 72. a5 Bg1 73.
a6 Bb6 74. a7 Bxa7 75. Nxa7 Kc5 76. Ke6 Kb6 77. Kd6 Kxa7 78. Kc6 Kb8 79. Kb6
1-0

[Event "Capablanca"]
[Site "Charlesbourg CAN"]
[Date "2010.01.11"]
[Round "2"]
[White "Lessard, Claude"]
[Black "Glode, Martin"]
[Result "1-0"]
[WhiteElo "2030"]
[BlackElo "1802"]
[PlyCount "107"]
[EventDate "2010.01.04"]
[EventType "swiss"]
[EventRounds "5"]
[EventCountry "CAN"]

1. d4 d5 2. c4 c6 3. Nf3 Nf6 4. g3 g6 5. Bg2 Bg7 6. O-O O-O 7. Nbd2 Nbd7 8. b3
e5 9. dxe5 Ng4 10. cxd5 Ndxe5 11. Nxe5 Nxe5 12. Ba3 Re8 13. dxc6 Nxc6 14. Rc1
Nd4 15. e3 Nb5 16. Nc4 Nxa3 17. Nxa3 Bb2 18. Nc4 Bxc1 19. Qxc1 Qc7 20. Qa3 Rd8
21. Rc1 Be6 22. Na5 Qd6 23. Qxd6 Rxd6 24. Bxb7 Rad8 25. Kg2 Bd5+ 26. Bxd5 Rxd5
27. Nc4 Rd1 28. Rc2 Rc8 29. h4 Kf8 30. Kf3 Ke7 31. Ke2 Rd5 32. e4 Rdd8 33. Ke3
Rd1 34. f3 Ke6 35. Ke2 Rg1 36. Kf2 Rd1 37. f4 f6 38. Ke2 Rg1 39. Kf2 Rd1 40. e5
fxe5 41. Re2 e4 42. Rxe4+ Kf6 43. g4 Rcd8 44. g5+ Kf7 45. Ne5+ Kg7 46. Ra4 Ra8
47. Rc4 Rdd8 48. Rc7+ Kg8 49. Ng4 Rdc8 50. Nf6+ Kf8 51. Nxh7+ Kg8 52. Nf6+ Kf8
53. Rh7 a5 54. f5 1-0

[Event "Capablanca"]
[Site "Charlesbourg CAN"]
[Date "2010.01.18"]
[Round "3"]
[White "Gagnon, Alain"]
[Black "Lessard, Claude"]
[Result "0-1"]
[WhiteElo "1636"]
[BlackElo "2030"]
[PlyCount "56"]
[EventDate "2010.01.04"]
[EventType "swiss"]
[EventRounds "5"]
[EventCountry "CAN"]

1. e4 c5 2. Nf3 d6 3. d4 cxd4 4. Nxd4 Nf6 5. Nc3 g6 6. Be2 Bg7 7. O-O O-O 8.
Be3 Nc6 9. f4 Bd7 10. Qd2 Rc8 11. f5 Ne5 12. h3 Nc4 13. Bxc4 Rxc4 14. Qd3 Rc8
15. a4 a6 16. Nce2 d5 17. e5 Ne4 18. e6 fxe6 19. fxg6 hxg6 20. Nf4 Rxf4 21.
Bxf4 e5 22. Nf3 Bf5 23. Qd1 exf4 24. Nd4 Ng3 25. Rxf4 e5 26. Rxf5 Nxf5 27. Ne6
Qb6+ 28. Kh2 Qxe6 0-1

[Event "Capablanca"]
[Site "Charlesbourg CAN"]
[Date "2010.01.18"]
[Round "3"]
[White "Lapierre, Gaetan"]
[Black "Beaudoin, Stephane"]
[Result "1/2-1/2"]
[WhiteElo "1888"]
[BlackElo "2092"]
[PlyCount "96"]
[EventDate "2010.01.04"]
[EventType "swiss"]
[EventRounds "5"]
[EventCountry "CAN"]

1. e4 g6 2. d4 Bg7 3. Nf3 d6 4. Be2 Nf6 5. Nbd2 O-O 6. O-O Nc6 7. c3 e5 8. dxe5
dxe5 9. Qc2 Qe7 10. a4 Nh5 11. Re1 Nf4 12. Bf1 Bg4 13. b3 Rfe8 14. h3 Be6 15.
Kh2 g5 16. g3 Ng6 17. Bc4 h6 18. Kg2 Rad8 19. Nh2 Qd7 20. Bxe6 fxe6 21. Ndf1
Qd3 22. Qb2 Rf8 23. Re3 Qd7 24. b4 Rf7 25. b5 Na5 26. Qa2 c5 27. Ba3 b6 28.
Rae1 Rdf8 29. R3e2 Qe8 30. Rd1 Rd7 31. Red2 Rff7 32. Ne3 Kh7 33. Nc4 Rxd2 34.
Rxd2 Nxc4 35. Qxc4 Rd7 36. Qe2 Qd8 37. Nf3 Ne7 38. Rxd7 Qxd7 39. Qd2 Qc7 40. c4
Ng6 41. Bc1 Nh8 42. Qd3 Nf7 43. Be3 Kg8 44. h4 Bf6 45. hxg5 hxg5 46. Nd2 Kg7
47. f3 Qd8 48. Qxd8 Nxd8 1/2-1/2

[Event "Capablanca"]
[Site "Charlesbourg CAN"]
[Date "2010.02.01"]
[Round "5"]
[White "Perron, Jonathan"]
[Black "Lessard, Claude"]
[Result "0-1"]
[WhiteElo "1915"]
[BlackElo "2030"]
[PlyCount "102"]
[EventDate "2010.01.04"]
[EventType "swiss"]
[EventRounds "5"]
[EventCountry "CAN"]

1. e4 c5 2. Nf3 d6 3. Bb5+ Bd7 4. Bxd7+ Nxd7 5. O-O Ngf6 6. d3 g6 7. c4 b5 8.
Nc3 bxc4 9. dxc4 Bg7 10. Qe2 O-O 11. Ng5 h6 12. Nh3 Rb8 13. f4 Rb4 14. a3 Rb7
15. e5 Ne8 16. e6 Ndf6 17. f5 gxf5 18. Qf3 Qc8 19. exf7+ Rxf7 20. Qg3 Ng4 21.
Nf4 Kh7 22. Qh4 Bd4+ 23. Kh1 Ng7 24. h3 Ne3 25. Rf3 Bf6 26. Qg3 Nxc4 27. Qg6+
Kg8 28. Qxh6 Bxc3 29. Ng6 Ne6 30. Rxc3 Rh7 31. Rg3 Rxh6 32. Nxe7+ Kf7 33. Nxc8
Rh8 34. b3 Rxc8 35. bxc4 Rh8 36. Rd3 Rh4 37. Rxd6 Rxc4 38. Bh6 Rh4 39. Be3 Re4
40. Rd3 c4 41. Rc3 a5 42. Rac1 Rb3 43. Ba7 Rxc3 44. Rxc3 Nf4 45. Bb6 a4 46. Bc5
Nd5 47. Rf3 Ke6 48. g3 c3 49. Rf2 Rc4 50. Bf8 c2 51. Bh6 f4 0-1

[Event "Carnaval"]
[Site "Quebec CAN"]
[Date "2010.01.29"]
[Round "1"]
[White "Cournoyer, Dominic"]
[Black "Bolduc, Steve"]
[Result "0-1"]
[WhiteElo "1989"]
[BlackElo "2320"]
[PlyCount "58"]
[EventDate "2010.01.29"]
[EventType "swiss"]
[EventRounds "5"]
[EventCountry "CAN"]

1. c4 g6 2. Nc3 Bg7 3. Nf3 d6 4. g3 c5 5. Bg2 Nc6 6. O-O e5 7. Nd5 Nge7 8. Nxe7
Qxe7 9. d3 O-O 10. Ng5 f5 11. Rb1 h6 12. Bd5+ Kh8 13. Nf3 Kh7 14. a3 a5 15. Nh4
Bf6 16. Ng2 Bd7 17. Qd2 Qg7 18. f4 Rae8 19. b3 exf4 20. Nxf4 Bc3 21. Qd1 Re5
22. e3 Rfe8 23. Bf3 Nd4 24. exd4 Re1 25. Qc2 Qxd4+ 26. Qf2 g5 27. Ne2 Rxf1+ 28.
Kxf1 Qxd3 29. Be4 Rxe4 0-1

[Event "Carnaval"]
[Site "Quebec CAN"]
[Date "2010.01.29"]
[Round "1"]
[White "Masse, Hugues"]
[Black "Falardeau, Bruno"]
[Result "1/2-1/2"]
[WhiteElo "2248"]
[BlackElo "1961"]
[PlyCount "90"]
[EventDate "2010.01.29"]
[EventType "swiss"]
[EventRounds "5"]
[EventCountry "CAN"]

1. d4 d5 2. c4 e6 3. Nc3 Nf6 4. cxd5 exd5 5. Bg5 Be7 6. e3 Bf5 7. Bxf6 Bxf6 8.
Qb3 c6 9. Qxb7 Qb6 10. Qxb6 axb6 11. Kd2 O-O 12. Bd3 Be6 13. Nf3 c5 14. Bb5 Rd8
15. Rhd1 Ra5 16. Ke1 Na6 17. Be2 Nc7 18. a3 Be7 19. Ne5 Rd6 20. b4 cxb4 21.
axb4 Rxa1 22. Rxa1 f6 23. Nd3 Rc6 24. Kd2 Rc4 25. b5 g5 26. g4 Bd6 27. Nc1 Rb4
28. Kc2 Bf7 29. h3 Bg6+ 30. Kd1 Kf7 31. Ra4 Ke6 32. Rxb4 Bxb4 33. N1a2 Ba5 34.
Kc1 Ne8 35. Bf3 Nc7 36. Be2 Ne8 37. Kb2 Nd6 38. Kb3 f5 39. Nb4 Ne4 40. Nxe4
fxe4 41. f3 exf3 42. Bxf3 Bxb4 43. Kxb4 Bd3 44. Bg2 h6 45. Ka4 Kd6 1/2-1/2

[Event "Carnaval"]
[Site "Quebec CAN"]
[Date "2010.01.29"]
[Round "1"]
[White "Rainfray, Arnaud"]
[Black "Gras, Guillaume"]
[Result "1-0"]
[WhiteElo "2368"]
[BlackElo "2061"]
[PlyCount "69"]
[EventDate "2010.01.29"]
[EventType "swiss"]
[EventRounds "5"]
[EventCountry "CAN"]

1. e4 Nf6 2. e5 Nd5 3. d4 d6 4. c4 Nb6 5. exd6 cxd6 6. Nc3 g6 7. h3 Bg7 8. Nf3
O-O 9. Be2 Nc6 10. O-O Bf5 11. Bg5 h6 12. Be3 d5 13. c5 Nc4 14. Bc1 b6 15. b3
bxc5 16. bxc4 cxd4 17. Nxd5 e6 18. Ba3 Re8 19. Nf4 e5 20. Nd5 d3 21. Bxd3 Bxd3
22. Qxd3 e4 23. Qe3 exf3 24. Qxf3 Qh4 25. Rae1 Ne5 26. Ne7+ Kh7 27. Rxe5 Bxe5
28. Qxf7+ Bg7 29. Qxg6+ Kh8 30. Qxg7+ Kxg7 31. Nf5+ Kh7 32. Nxh4 Re4 33. Nf5
Rxc4 34. Rd1 Ra4 35. Rd3 1-0

[Event "Carnaval"]
[Site "Quebec CAN"]
[Date "2010.01.30"]
[Round "2"]
[White "Bolduc, Steve"]
[Black "Berube, Antoine"]
[Result "1-0"]
[WhiteElo "2320"]
[BlackElo "2091"]
[PlyCount "33"]
[EventDate "2010.01.29"]
[EventType "swiss"]
[EventRounds "5"]
[EventCountry "CAN"]

1. c4 e5 2. Nc3 Nf6 3. Nf3 Nc6 4. g3 Bb4 5. Bg2 O-O 6. O-O e4 7. Ng5 Bxc3 8.
bxc3 Re8 9. d3 exd3 10. exd3 d6 11. Rb1 h6 12. Ne4 Bf5 13. Rxb7 Ne5 14. Nxf6+
Qxf6 15. d4 Nxc4 16. Rxc7 Rec8 17. Rxc4 1-0

[Event "Carnaval"]
[Site "Quebec CAN"]
[Date "2010.01.30"]
[Round "2"]
[White "Rondeau, Samuel"]
[Black "Masse, Hugues"]
[Result "0-1"]
[WhiteElo "1948"]
[BlackElo "2248"]
[PlyCount "58"]
[EventDate "2010.01.29"]
[EventType "swiss"]
[EventRounds "5"]
[EventCountry "CAN"]

1. c4 Nf6 2. g3 g6 3. Bg2 Bg7 4. e3 O-O 5. Nc3 e5 6. Nge2 d6 7. O-O c6 8. d4
Nbd7 9. b3 Qa5 10. Bb2 Re8 11. Qc2 exd4 12. Nxd4 Nc5 13. a3 Qc7 14. Rfe1 Bd7
15. b4 Ne6 16. Ne4 Nxe4 17. Nxe6 Bxe6 18. Bxg7 Nxf2 19. Qc3 Ng4 20. c5 dxc5 21.
bxc5 Qe7 22. h3 f6 23. hxg4 Qxg7 24. Rad1 Bxg4 25. Rd6 Be6 26. Red1 f5 27. Qb4
Rab8 28. e4 fxe4 29. Qxe4 Bb3 0-1

[Event "Carnaval"]
[Site "Quebec CAN"]
[Date "2010.01.30"]
[Round "3"]
[White "Masse, Hugues"]
[Black "Chiffot, Nicolas"]
[Result "1-0"]
[WhiteElo "2248"]
[BlackElo "2077"]
[PlyCount "125"]
[EventDate "2010.01.29"]
[EventType "swiss"]
[EventRounds "5"]
[EventCountry "CAN"]

1. d4 d5 2. c4 e6 3. Nc3 Be7 4. Nf3 Nf6 5. Bf4 O-O 6. e3 b6 7. cxd5 Nxd5 8.
Nxd5 exd5 9. Bd3 c5 10. dxc5 bxc5 11. O-O Be6 12. Qc2 h6 13. Rfd1 Qb6 14. Rac1
Nd7 15. Ne5 Nf6 16. h3 a5 17. Bh2 a4 18. Rb1 Ra5 19. Bf5 Bxf5 20. Qxf5 Rb5 21.
Qc2 Rb8 22. Ng4 Ra8 23. Nxf6+ Bxf6 24. Rxd5 Rxb2 25. Rxb2 Qxb2 26. Qxb2 Bxb2
27. Rxc5 Rd8 28. Be5 Rd1+ 29. Kh2 Bxe5+ 30. Rxe5 Rd2 31. a3 Ra2 32. Ra5 Rxa3
33. h4 g6 34. h5 gxh5 35. Rxh5 Kg7 36. Ra5 Ra2 37. Kg3 a3 38. f3 Kg6 39. Ra6+
Kg7 40. Kh3 Ra1 41. Kg4 a2 42. Kf4 h5 43. e4 h4 44. Ke5 Kh7 45. Kf5 Kg7 46. Ra7
Kh6 47. Ra6+ Kg7 48. Ra3 Kh7 49. Ra7 Kg7 50. f4 Kg8 51. e5 Kg7 52. Ra8 Kh7 53.
Ra3 Kg7 54. Ra4 Kh6 55. Kf6 Rf1 56. f5 Kh5 57. Rxa2 Kg4 58. Ra4+ Kg3 59. Kg5
Re1 60. Rg4+ Kf2 61. Kf6 Re3 62. Rxh4 Kxg2 63. Rh7 1-0